| 000 | 00679nam a2200229Ia 4500 | ||
|---|---|---|---|
| 005 | 20260430150226.0 | ||
| 008 | 008 250103s9999 xx 000 0 eng d | ||
| 037 | _aTheses | ||
| 040 | _aCRL | ||
| 040 | _beng | ||
| 040 | _ceng | ||
| 041 | _2eng | ||
| 041 | _aeng | ||
| 084 | _qCRL | ||
| 100 |
_aTawar Neha Au.; Banerjee B. D. Gu. _91236853 |
||
| 245 | 0 | _aAssociation of organochlorine pesticides with endoplasmic reticulum stress response in type 2 diabetes | |
| 260 | _c2022 | ||
| 300 | _a165p. | ||
| 700 |
_aUniversity of Delhi. Faculty of Interdisciplinary & Applied Sciences . Department of Biochemictry _91236854 |
||
| 942 | _cTH | ||
| 999 |
_c1849260 _d1849260 |
||